000 00937nam a2200229Ia 4500
001 9428
003 GE_BSU
008 181216s||||||||xx |||||||||||||| ||und||
040 _cGE_BSU
080 _a674(479.223)
100 _aმოდებაძე,ნოდარ
245 _aმეთერთმეტე მზის ნათება
245 _bნარკვევი ბათუმის ხისდამამუშავებელ კომბინატზე
245 _cრედ.ზ.ფირცხალაიშვილი
260 _aთბილისი
260 _bსაბჭოთა აჭარა
260 _c1984
300 _a39გვ.20სმ.
653 _aმეთერთმეტე მზის ნათება
653 _aნარკვევი ბათუმის ხისდამამუშავებელ კომბინატზე
942 _cBK
999 _c42722
_d42722